000 00423nam a2200145Ia 4500
003 SEM
008 141116s9999 xx 000 0 und d
080 _a226/227 Փ-13
100 _aՓալանջյան Հարություն
245 _aՆոր կտակարանի գործք և թղթոց բնագրի բառացանկ /Զոհրաբյան/
260 _aԿանադա
260 _c1997
300 _a293
942 _2udc
_cBK
999 _c51877
_d51877